| 000 | 00000nas 2200000za 4500 |
| 001 | 9.822195 |
| 003 | CaOODSP |
| 005 | 20240219183453 |
| 007 | cr ||||||||||| |
| 008 | 160808c20109999onc x m o f000#|0eng|d |
| 040 | |aCaOODSP|beng |
| 043 | |an-cn--- |
| 086 | 1 |aD68-8E-PDF |
| 130 | 0 |aScientific literature (Defence R&D Canada) |
| 245 | 00|aScientific literature |h[electronic resource] / |cDefence Research and Development Canada. |
| 260 | |a[Ottawa] : |bDefence Research and Development Canada, |c[2010?]- |
| 310 | |aIrregular |
| 692 | 07|2gccst|aDefence industry |
| 692 | 07|2gccst|aMilitary technology |
| 710 | 2 |aDefence R&D Canada. |
| 775 | 08|tScientific literature |w(CaOODSP)9.822197 |